Statistics for The New 21 Wonders of the World

Click here to take the quiz!

General Stats

  • This quiz has been taken 21 times
  • The average score is 14 of 21

Answer Stats

Answer% Correct
Colosseum
100%
Eiffel Tower
100%
Stonehenge
95%
Sydney Opera House
95%
Taj Mahal
95%
Great Wall of China
89%
Statue of Liberty
89%
Machu Picchu
84%
Moai
84%
Acropolis of Athens
79%
Great Pyramid of Giza
74%
Christ the Redeemer
68%
Petra
63%
Red Square
63%
Angkor Wat
58%
Hagia Sophia
53%
Chichen Itza
47%
Neuschwanstein Castle
42%
Alhambra
21%
Timbuktu
21%
Kiyomizu-Dera
11%

Score Distribution

Percentile by Number Answered

Percent of People with Each Score

Your Score History

You have not taken this quiz